[Event "Grand Swiss "]
[Date "2025.09.04"]
[White "Muradli, Mahammad"]
[Black "Bjerre, Jonas Buhl"]
[WhiteElo "2590"]
[BlackElo "2651"]
[Round "1.1.45"]
[Result "1/2-1/2"]

1. d4 {[%clk 01:40:42] [%emt 00:00:17]} Nf6 {[%clk 01:40:51] [%emt 00:00:09]} 2.
c4 {[%clk 01:41:05] [%emt 00:00:07]} e6 {[%clk 01:41:13] [%emt 00:00:07]} 3. Nf3
{[%clk 01:41:23] [%emt 00:00:12]} b6 {[%clk 01:41:10] [%emt 00:00:32]} 4. g3
{[%clk 01:41:38] [%emt 00:00:15]} Ba6 {[%clk 01:41:16] [%emt 00:00:25]} 5. b3
{[%clk 01:41:47] [%emt 00:00:20]} Bb7 {[%clk 01:41:05] [%emt 00:00:41]} 6. Bg2
{[%clk 01:38:09] [%emt 00:04:08]} Bb4+ {[%clk 01:40:43] [%emt 00:00:53]} 7. Bd2
{[%clk 01:38:02] [%emt 00:00:38]} a5 {[%clk 01:41:05] [%emt 00:00:07]} 8. O-O
{[%clk 01:27:07] [%emt 00:11:25]} O-O {[%clk 01:41:26] [%emt 00:00:08]} 9. Qc2
{[%clk 01:14:40] [%emt 00:12:57]} c5 {[%clk 01:40:48] [%emt 00:01:08]} 10. Rd1
{[%clk 01:04:42] [%emt 00:10:28]} cxd4 {[%clk 01:34:23] [%emt 00:06:54]} 11.
Nxd4 {[%clk 00:54:23] [%emt 00:10:50]} Bxg2 {[%clk 01:34:26] [%emt 00:00:27]}
12. Kxg2 {[%clk 00:54:50] [%emt 00:00:03]} d5 {[%clk 01:32:15] [%emt 00:02:41]}
13. Bg5 {[%clk 00:48:36] [%emt 00:06:45]} Nbd7 {[%clk 01:26:05] [%emt 00:06:39]}
14. a3 {[%clk 00:30:42] [%emt 00:18:25]} Bc5 {[%clk 01:09:12] [%emt 00:17:22]}
15. cxd5 {[%clk 00:29:43] [%emt 00:01:29]} h6 {[%clk 00:53:57] [%emt 00:15:45]}
16. Bxf6 {[%clk 00:20:39] [%emt 00:09:34]} Nxf6 {[%clk 00:52:18] [%emt
00:02:08]} 17. Nc3 {[%clk 00:16:55] [%emt 00:04:14]} exd5 {[%clk 00:46:32] [%emt
00:06:16]} 18. e3 {[%clk 00:13:27] [%emt 00:03:59]} Qe7 {[%clk 00:43:08] [%emt
00:03:54]} 19. a4 {[%clk 00:12:54] [%emt 00:01:03]} Rac8 {[%clk 00:39:18] [%emt
00:04:19]} 20. Qd3 {[%clk 00:11:54] [%emt 00:01:31]} Rfd8 {[%clk 00:35:48] [%emt
00:03:59]} 21. Rac1 {[%clk 00:10:11] [%emt 00:02:13]} g6 {[%clk 00:28:43] [%emt
00:07:36]} 22. h3 {[%clk 00:09:37] [%emt 00:01:05]} Kg7 {[%clk 00:23:15] [%emt
00:05:58]} 23. Rc2 {[%clk 00:08:08] [%emt 00:01:59]} Bxd4 {[%clk 00:20:41] [%emt
00:03:04]} 24. exd4 {[%clk 00:03:27] [%emt 00:05:11]} Qb4 {[%clk 00:15:25] [%emt
00:05:46]} 25. Nb5 {[%clk 00:03:14] [%emt 00:00:43]} Rxc2 {[%clk 00:14:26] [%emt
00:01:29]} 26. Qxc2 {[%clk 00:03:42] [%emt 00:00:01]} Re8 {[%clk 00:14:22] [%emt
00:00:35]} 27. Rd3 {[%clk 00:03:52] [%emt 00:00:20]} Qe1 {[%clk 00:12:09] [%emt
00:02:42]} 28. Rf3 {[%clk 00:03:25] [%emt 00:00:58]} Re7 {[%clk 00:07:11] [%emt
00:05:28]} 29. Nc3 {[%clk 00:02:23] [%emt 00:01:31]} Qe6 {[%clk 00:04:08] [%emt
00:03:35]} 30. Re3 {[%clk 00:01:57] [%emt 00:00:55]} Qd7 {[%clk 00:03:55] [%emt
00:00:43]} 31. Qe2 {[%clk 00:01:33] [%emt 00:00:54]} Rxe3 {[%clk 00:02:54] [%emt
00:01:31]} 32. Qxe3 {[%clk 00:02:01] [%emt 00:00:02]} Qc8 {[%clk 00:01:22] [%emt
00:02:02]} 33. g4 {[%clk 00:01:47] [%emt 00:00:44]} Qc6 {[%clk 00:00:58] [%emt
00:00:54]} 34. f3 {[%clk 00:01:31] [%emt 00:00:46]} Kh7 {[%clk 00:00:42] [%emt
00:00:46]} 35. Kf1 {[%clk 00:00:38] [%emt 00:01:22]} Qc7 {[%clk 00:00:42] [%emt
00:00:31]} 36. Kg2 {[%clk 00:00:45] [%emt 00:00:22]} Kg7 {[%clk 00:00:54] [%emt
00:00:18]} 37. h4 {[%clk 00:00:38] [%emt 00:00:37]} Qc6 {[%clk 00:00:41] [%emt
00:00:43]} 38. Kf1 {[%clk 00:00:42] [%emt 00:00:25]} Nd7 {[%clk 00:00:44] [%emt
00:00:28]} 39. Ke2 {[%clk 00:00:40] [%emt 00:00:32]} Qd6 {[%clk 00:00:39] [%emt
00:00:36]} 40. Kd3 {[%clk 00:00:43] [%emt 00:00:26]} Qb4 {[%clk 00:00:34] [%emt
00:00:35]} 41. Kc2 {[%clk 00:28:32] [%emt 00:22:41]} Qd6 {[%clk 00:48:21] [%emt
00:02:43]} 42. Kd3 {[%clk 00:18:40] [%emt 00:10:21]} Qb4 {[%clk 00:47:48] [%emt
00:01:02]} 43. Nxd5 {[%clk 00:16:17] [%emt 00:02:53]} Qxb3+ {[%clk 00:42:08]
[%emt 00:06:10]} 44. Nc3 {[%clk 00:16:46] [%emt 00:00:02]} Qb4 {[%clk 00:40:40]
[%emt 00:01:59]} 45. Qe4 {[%clk 00:16:46] [%emt 00:00:28]} Qa3 {[%clk 00:25:41]
[%emt 00:15:30]} 46. Qc6 {[%clk 00:14:38] [%emt 00:02:37]} Qe7 {[%clk 00:25:25]
[%emt 00:00:47]} 47. g5 {[%clk 00:06:06] [%emt 00:09:02]} hxg5 {[%clk 00:23:41]
[%emt 00:02:14]} 48. hxg5 {[%clk 00:06:34] [%emt 00:00:02]} Nf8 {[%clk 00:21:55]
[%emt 00:02:16]} 49. Ne4 {[%clk 00:05:38] [%emt 00:01:25]} Nd7 {[%clk 00:16:45]
[%emt 00:05:41]} 50. Qd6 {[%clk 00:02:52] [%emt 00:03:16]} Qe8 {[%clk 00:15:02]
[%emt 00:02:13]} 51. f4 {[%clk 00:02:56] [%emt 00:00:25]} Qc8 {[%clk 00:13:41]
[%emt 00:01:51]} 52. d5 {[%clk 00:00:57] [%emt 00:02:29]} Qa6+ {[%clk 00:10:46]
[%emt 00:03:25]} 53. Ke3 {[%clk 00:01:06] [%emt 00:00:20]} Qa7 {[%clk 00:10:57]
[%emt 00:00:20]} 54. Kd3 {[%clk 00:01:00] [%emt 00:00:36]} Qa6+ {[%clk 00:10:08]
[%emt 00:01:20]} 55. Ke3 {[%clk 00:01:29]} Qa7 {[%clk 00:10:33] [%emt 00:00:04]}
56. Kf3 {[%clk 00:00:41] [%emt 00:01:17]} b5 {[%clk 00:10:24] [%emt 00:00:39]}
57. axb5 {[%clk 00:00:40] [%emt 00:00:32]} Qd4 {[%clk 00:07:41] [%emt 00:03:13]}
58. Qxd7 {[%clk 00:00:39] [%emt 00:00:31]} Qd3+ {[%clk 00:08:05] [%emt
00:00:06]} 59. Kf2 {[%clk 00:00:47] [%emt 00:00:22]} Qd4+ {[%clk 00:06:14] [%emt
00:02:21]} 60. Kf3 {[%clk 00:01:16] [%emt 00:00:02]} Qd3+ {[%clk 00:06:39] [%emt
00:00:05]} 61. Kf2 {[%clk 00:00:32] [%emt 00:01:14]} Qd4+ {[%clk 00:05:16] [%emt
00:01:52]} 62. Kf1 {[%clk 00:14:49] [%emt 00:01:12]} Qd3+ {[%clk 00:19:07] [%emt
00:01:40]} 1/2-1/2

[Site "Europe Echecs"]

[Event "Grand Swiss "]
[Date "2025.09.04"]
[White "Mamedov, Rauf"]
[Black "Aditya Mittal"]
[WhiteElo "2651"]
[BlackElo "2589"]
[Round "1.1.46"]
[Result "1/2-1/2"]

1. e4 {[%clk 01:40:56] [%emt 00:00:03]} c5 {[%clk 01:40:59] [%emt 00:00:02]} 2.
c3 {[%clk 01:41:25] [%emt 00:00:01]} Nf6 {[%clk 01:41:22] [%emt 00:00:07]} 3. e5
{[%clk 01:41:43] [%emt 00:00:12]} Nd5 {[%clk 01:41:50] [%emt 00:00:01]} 4. Bc4
{[%clk 01:41:04] [%emt 00:01:09]} e6 {[%clk 01:42:19] [%emt 00:00:02]} 5. Nf3
{[%clk 01:41:04] [%emt 00:00:30]} d6 {[%clk 01:42:43] [%emt 00:00:05]} 6. d4
{[%clk 01:41:19] [%emt 00:00:16]} cxd4 {[%clk 01:43:11] [%emt 00:00:02]} 7. cxd4
{[%clk 01:41:45] [%emt 00:00:03]} Be7 {[%clk 01:43:35] [%emt 00:00:06]} 8. O-O
{[%clk 01:41:41] [%emt 00:00:34]} O-O {[%clk 01:44:03] [%emt 00:00:03]} 9. Qc2
{[%clk 01:40:46] [%emt 00:01:25]} Nd7 {[%clk 01:28:05] [%emt 00:16:27]} 10. Qe4
{[%clk 00:53:09] [%emt 00:48:08]} Qc7 {[%clk 01:10:55] [%emt 00:17:39]} 11. Bxd5
{[%clk 00:41:19] [%emt 00:12:20]} exd5 {[%clk 01:11:23] [%emt 00:00:02]} 12.
Qxd5 {[%clk 00:41:43] [%emt 00:00:07]} dxe5 {[%clk 01:08:50] [%emt 00:03:03]}
13. Nxe5 {[%clk 00:30:22] [%emt 00:11:51]} Nxe5 {[%clk 01:01:11] [%emt
00:08:09]} 14. Qxe5 {[%clk 00:29:46] [%emt 00:01:04]} Bd6 {[%clk 00:52:24] [%emt
00:09:18]} 15. Qh5 {[%clk 00:29:29] [%emt 00:00:47]} Qb6 {[%clk 00:44:18] [%emt
00:08:36]} 16. d5 {[%clk 00:17:01] [%emt 00:12:58]} Re8 {[%clk 00:41:49] [%emt
00:02:58]} 17. Nc3 {[%clk 00:16:36] [%emt 00:00:56]} Bd7 {[%clk 00:40:07] [%emt
00:02:12]} 18. Rb1 {[%clk 00:13:01] [%emt 00:04:05]} Bc5 {[%clk 00:33:05] [%emt
00:07:32]} 19. Bf4 {[%clk 00:11:53] [%emt 00:01:38]} Rac8 {[%clk 00:22:50] [%emt
00:10:45]} 20. Qf3 {[%clk 00:07:46] [%emt 00:04:37]} Bd4 {[%clk 00:11:30] [%emt
00:11:50]} 21. d6 {[%clk 00:06:49] [%emt 00:01:28]} Bc6 {[%clk 00:11:22] [%emt
00:00:37]} 22. Qg3 {[%clk 00:06:35] [%emt 00:00:43]} Re6 {[%clk 00:11:12] [%emt
00:00:41]} 23. Qd3 {[%clk 00:06:15] [%emt 00:00:49]} Rd8 {[%clk 00:10:13] [%emt
00:01:30]} 24. Bg3 {[%clk 00:04:24] [%emt 00:02:21]} Bc5 {[%clk 00:09:44] [%emt
00:01:00]} 25. Rbe1 {[%clk 00:02:47] [%emt 00:02:07]} Rdxd6 {[%clk 00:08:42]
[%emt 00:01:32]} 26. Qf5 {[%clk 00:01:01] [%emt 00:02:16]} g6 {[%clk 00:08:38]
[%emt 00:00:34]} 27. Qg5 {[%clk 00:01:09] [%emt 00:00:22]} Rxe1 {[%clk 00:03:34]
[%emt 00:05:35]} 28. Rxe1 {[%clk 00:01:38]} Rd3 {[%clk 00:03:39] [%emt
00:00:24]} 29. h4 {[%clk 00:01:15] [%emt 00:00:53]} h6 {[%clk 00:03:17] [%emt
00:00:52]} 30. Qg4 {[%clk 00:01:14] [%emt 00:00:32]} Bd7 {[%clk 00:03:05] [%emt
00:00:42]} 31. Qf4 {[%clk 00:01:40] [%emt 00:00:04]} Bd6 {[%clk 00:03:14] [%emt
00:00:21]} 32. Qf6 {[%clk 00:01:37] [%emt 00:00:33]} Bxg3 {[%clk 00:01:06] [%emt
00:02:38]} 33. Qxb6 {[%clk 00:02:06] [%emt 00:00:01]} axb6 {[%clk 00:01:30]
[%emt 00:00:06]} 34. fxg3 {[%clk 00:02:33] [%emt 00:00:03]} Rxg3 {[%clk
00:01:26] [%emt 00:00:34]} 35. Ne4 {[%clk 00:02:54] [%emt 00:00:09]} Rd3 {[%clk
00:01:51] [%emt 00:00:05]} 36. Nf6+ {[%clk 00:03:21] [%emt 00:00:04]} Kg7 {[%clk
00:02:10] [%emt 00:00:12]} 37. Nxd7 {[%clk 00:03:45] [%emt 00:00:05]} Rxd7
{[%clk 00:02:38] [%emt 00:00:02]} 38. Re4 {[%clk 00:03:14] [%emt 00:01:01]} Rd1+
{[%clk 00:01:10] [%emt 00:01:58]} 39. Kh2 {[%clk 00:03:43]} Kf6 {[%clk 00:01:31]
[%emt 00:00:10]} 40. a4 {[%clk 00:03:52] [%emt 00:00:21]} b5 {[%clk 00:00:42]
[%emt 00:01:18]} 41. a5 {[%clk 00:29:47] [%emt 00:24:35]} Rd2 {[%clk 00:24:39]
[%emt 00:26:32]} 42. b4 {[%clk 00:21:19] [%emt 00:08:59]} Rd7 {[%clk 00:24:13]
[%emt 00:00:56]} 43. Kg3 {[%clk 00:18:20] [%emt 00:03:29]} Kf5 {[%clk 00:23:49]
[%emt 00:00:54]} 44. Re8 {[%clk 00:14:10] [%emt 00:04:40]} Rc7 {[%clk 00:10:02]
[%emt 00:14:18]} 45. h5 {[%clk 00:12:17] [%emt 00:02:22]} gxh5 {[%clk 00:08:54]
[%emt 00:01:39]} 46. Kh4 {[%clk 00:10:39] [%emt 00:02:07]} Kg6 {[%clk 00:06:05]
[%emt 00:03:19]} 47. Rg8+ {[%clk 00:10:13] [%emt 00:00:55]} Kh7 {[%clk 00:06:34]
[%emt 00:00:01]} 48. Rd8 {[%clk 00:08:51] [%emt 00:01:53]} Kg6 {[%clk 00:06:12]
[%emt 00:00:53]} 49. Rg8+ {[%clk 00:09:14] [%emt 00:00:06]} Kh7 {[%clk 00:03:19]
[%emt 00:03:23]} 50. Rd8 {[%clk 00:09:32] [%emt 00:00:11]} Rc4+ {[%clk 00:02:26]
[%emt 00:01:23]} 51. Kxh5 {[%clk 00:09:57] [%emt 00:00:05]} Rxb4 {[%clk
00:02:53] [%emt 00:00:04]} 52. Rd7 {[%clk 00:10:05] [%emt 00:00:22]} Kg7 {[%clk
00:02:49] [%emt 00:00:33]} 53. Rxb7 {[%clk 00:10:25] [%emt 00:00:10]} Rb2 {[%clk
00:03:01] [%emt 00:00:17]} 54. g3 {[%clk 00:10:17] [%emt 00:00:38]} Rb3 {[%clk
00:02:03] [%emt 00:01:28]} 55. Kh4 {[%clk 00:10:18] [%emt 00:00:29]} Rb4+ {[%clk
00:02:09] [%emt 00:00:25]} 56. Kh3 {[%clk 00:10:13] [%emt 00:00:35]} Rb3 {[%clk
00:02:12] [%emt 00:00:27]} 57. a6 {[%clk 00:10:32] [%emt 00:00:11]} Ra3 {[%clk
00:02:30] [%emt 00:00:12]} 58. Rxb5 {[%clk 00:10:56] [%emt 00:00:06]} Rxa6
{[%clk 00:02:55] [%emt 00:00:05]} 59. Rb8 {[%clk 00:11:14] [%emt 00:00:12]} Ra4
{[%clk 00:03:20] [%emt 00:00:05]} 1/2-1/2

[Site "Europe Echecs"]

[Event "Grand Swiss "]
[Date "2025.09.04"]
[White "Zemlyanskii, Ivan"]
[Black "Indjic, Aleksandar"]
[WhiteElo "2586"]
[BlackElo "2650"]
[Round "1.1.47"]
[Result "1-0"]

1. d4 {[%clk 01:40:57] [%emt 00:00:02]} Nf6 {[%clk 01:39:41] [%emt 00:01:19]} 2.
c4 {[%clk 01:41:21] [%emt 00:00:06]} e6 {[%clk 01:40:00] [%emt 00:00:11]} 3. Nc3
{[%clk 01:41:45] [%emt 00:00:05]} d5 {[%clk 01:39:05] [%emt 00:01:26]} 4. cxd5
{[%clk 01:42:09] [%emt 00:00:06]} exd5 {[%clk 01:39:28] [%emt 00:00:08]} 5. Bg5
{[%clk 01:42:33] [%emt 00:00:05]} Be7 {[%clk 01:38:36] [%emt 00:01:22]} 6. e3
{[%clk 01:42:58] [%emt 00:00:05]} h6 {[%clk 01:37:23] [%emt 00:01:43]} 7. Bh4
{[%clk 01:43:24] [%emt 00:00:04]} O-O {[%clk 01:34:53] [%emt 00:03:00]} 8. Bd3
{[%clk 01:43:48] [%emt 00:00:06]} c6 {[%clk 01:35:19] [%emt 00:00:04]} 9. Qc2
{[%clk 01:44:13] [%emt 00:00:05]} Nh5 {[%clk 01:32:29] [%emt 00:03:20]} 10. Bxe7
{[%clk 01:44:36] [%emt 00:00:07]} Qxe7 {[%clk 01:32:55] [%emt 00:00:04]} 11.
Nge2 {[%clk 01:45:02] [%emt 00:00:04]} Re8 {[%clk 01:33:17] [%emt 00:00:08]} 12.
O-O {[%clk 01:45:15] [%emt 00:00:16]} Nd7 {[%clk 01:33:38] [%emt 00:00:09]} 13.
Rae1 {[%clk 01:45:39] [%emt 00:00:06]} Ndf6 {[%clk 01:33:18] [%emt 00:00:49]}
14. Nd1 {[%clk 01:45:04] [%emt 00:01:05]} Nd7 {[%clk 01:09:42] [%emt 00:24:07]}
15. f3 {[%clk 01:23:09] [%emt 00:22:26]} c5 {[%clk 01:09:38] [%emt 00:00:34]}
16. Nec3 {[%clk 01:20:12] [%emt 00:03:27]} Nhf6 {[%clk 01:09:44] [%emt
00:00:24]} 17. Nb5 {[%clk 01:18:26] [%emt 00:02:17]} Rd8 {[%clk 01:06:54] [%emt
00:03:19]} 18. Ndc3 {[%clk 01:13:28] [%emt 00:05:27]} c4 {[%clk 01:04:16] [%emt
00:03:09]} 19. Bf5 {[%clk 01:13:21] [%emt 00:00:36]} Nf8 {[%clk 01:02:38] [%emt
00:02:09]} 20. Bxc8 {[%clk 01:11:51] [%emt 00:01:59]} Rdxc8 {[%clk 01:03:04]
[%emt 00:00:05]} 21. a4 {[%clk 01:05:57] [%emt 00:06:25]} a6 {[%clk 01:02:54]
[%emt 00:00:40]} 22. Na3 {[%clk 01:06:21] [%emt 00:00:05]} Ne6 {[%clk 01:03:18]
[%emt 00:00:06]} 23. Qd2 {[%clk 00:58:42] [%emt 00:08:09]} Rd8 {[%clk 01:00:25]
[%emt 00:03:23]} 24. Ra1 {[%clk 00:53:55] [%emt 00:05:17]} Rab8 {[%clk 00:58:27]
[%emt 00:02:28]} 25. Rfb1 {[%clk 00:50:37] [%emt 00:03:48]} h5 {[%clk 00:52:49]
[%emt 00:06:09]} 26. Qf2 {[%clk 00:37:01] [%emt 00:14:06]} Rd7 {[%clk 00:49:44]
[%emt 00:03:35]} 27. Qg3 {[%clk 00:35:45] [%emt 00:01:46]} Rc8 {[%clk 00:49:50]
[%emt 00:00:23]} 28. Nc2 {[%clk 00:33:13] [%emt 00:03:02]} g6 {[%clk 00:49:54]
[%emt 00:00:25]} 29. a5 {[%clk 00:32:40] [%emt 00:01:04]} Ne8 {[%clk 00:40:13]
[%emt 00:10:11]} 30. Na4 {[%clk 00:18:21] [%emt 00:14:50]} Rc6 {[%clk 00:38:00]
[%emt 00:02:42]} 31. Re1 {[%clk 00:18:00] [%emt 00:00:51]} h4 {[%clk 00:26:17]
[%emt 00:12:14]} 32. Qf2 {[%clk 00:17:53] [%emt 00:00:37]} Qg5 {[%clk 00:17:58]
[%emt 00:08:49]} 33. Rad1 {[%clk 00:14:24] [%emt 00:03:59]} Nf6 {[%clk 00:16:38]
[%emt 00:01:50]} 34. Kh1 {[%clk 00:14:17] [%emt 00:00:37]} Nh5 {[%clk 00:15:35]
[%emt 00:01:33]} 35. Kg1 {[%clk 00:07:00] [%emt 00:07:48]} Rd8 {[%clk 00:10:01]
[%emt 00:06:04]} 36. Rd2 {[%clk 00:04:57] [%emt 00:02:33]} Re8 {[%clk 00:06:22]
[%emt 00:04:10]} 37. Nc3 {[%clk 00:03:11] [%emt 00:02:15]} Rd6 {[%clk 00:06:41]
[%emt 00:00:11]} 38. Kh1 {[%clk 00:01:28] [%emt 00:02:14]} Rd7 {[%clk 00:03:26]
[%emt 00:03:44]} 39. Rdd1 {[%clk 00:01:14] [%emt 00:00:44]} Kg7 {[%clk 00:01:03]
[%emt 00:02:53]} 40. Rb1 {[%clk 00:00:39] [%emt 00:01:06]} Qd8 {[%clk 00:01:16]
[%emt 00:00:17]} 41. Ra1 {[%clk 00:48:06] [%emt 00:03:02]} Qg5 {[%clk 00:47:28]
[%emt 00:04:18]} 42. f4 {[%clk 00:27:54] [%emt 00:20:42]} Qg4 {[%clk 00:37:06]
[%emt 00:10:52]} 43. Nb4 {[%clk 00:17:51] [%emt 00:10:32]} Nc7 {[%clk 00:33:46]
[%emt 00:03:51]} 44. b3 {[%clk 00:13:57] [%emt 00:04:25]} cxb3 {[%clk 00:24:21]
[%emt 00:09:54]} 45. Rab1 {[%clk 00:13:44] [%emt 00:00:43]} h3 {[%clk 00:20:26]
[%emt 00:04:25]} 46. gxh3 {[%clk 00:12:48] [%emt 00:01:25]} Qxh3 {[%clk
00:20:16] [%emt 00:00:41]} 47. Rxb3 {[%clk 00:10:12] [%emt 00:03:07]} Nf6 {[%clk
00:20:25] [%emt 00:00:20]} 48. Nd3 {[%clk 00:06:43] [%emt 00:03:59]} Rh8 {[%clk
00:16:02] [%emt 00:04:53]} 49. Ne5 {[%clk 00:04:16] [%emt 00:02:57]} Nce8 {[%clk
00:12:54] [%emt 00:03:38]} 50. f5 {[%clk 00:02:48] [%emt 00:01:59]} Ng4 {[%clk
00:09:03] [%emt 00:04:20]} 51. Nxg4 {[%clk 00:01:56] [%emt 00:01:22]} Qxg4
{[%clk 00:09:31] [%emt 00:00:02]} 52. fxg6 {[%clk 00:00:46] [%emt 00:01:41]}
fxg6 {[%clk 00:10:00]} 53. Rg1 {[%clk 00:01:15] [%emt 00:00:01]} Qh5 {[%clk
00:10:21] [%emt 00:00:08]} 54. Ne2 {[%clk 00:00:58] [%emt 00:00:47]} Rf8 {[%clk
00:09:30] [%emt 00:01:20]} 55. Nf4 {[%clk 00:01:07] [%emt 00:00:23]} Qf5 {[%clk
00:09:59] [%emt 00:00:01]} 56. Rg5 {[%clk 00:00:35] [%emt 00:01:02]} Qe4+ {[%clk
00:07:19] [%emt 00:03:10]} 57. Qg2 {[%clk 00:00:33] [%emt 00:00:33]} Kh7 {[%clk
00:06:11] [%emt 00:01:37]} 58. Rxd5 {[%clk 00:00:34] [%emt 00:00:29]} Qxg2+
{[%clk 00:03:28] [%emt 00:03:13]} 59. Kxg2 {[%clk 00:01:03] [%emt 00:00:01]} Rc7
{[%clk 00:03:52] [%emt 00:00:07]} 60. Ne6 {[%clk 00:00:37] [%emt 00:00:55]} Rc2+
{[%clk 00:04:17] [%emt 00:00:05]} 61. Kg3 {[%clk 00:00:45] [%emt 00:00:21]} Rff2
{[%clk 00:04:45] [%emt 00:00:03]} 62. Rxb7+ {[%clk 00:00:31] [%emt 00:00:44]}
Kh6 {[%clk 00:05:14]} 63. Rd8 {[%clk 00:13:08] [%emt 00:02:53]} Rg2+ {[%clk
00:19:33] [%emt 00:01:10]} 64. Kf4 {[%clk 00:12:48] [%emt 00:00:49]} Rcf2+
{[%clk 00:16:25] [%emt 00:03:39]} 65. Ke5 {[%clk 00:12:55] [%emt 00:00:23]} Rf5+
{[%clk 00:16:49] [%emt 00:00:06]} 66. Ke4 {[%clk 00:13:20] [%emt 00:00:05]} Nf6+
{[%clk 00:17:14] [%emt 00:00:06]} 67. Kd3 {[%clk 00:13:46]} 1-0

[Site "Europe Echecs"]

[Event "Grand Swiss "]
[Date "2025.09.04"]
[White "Grandelius, Nils"]
[Black "Bartel, Mateusz"]
[WhiteElo "2648"]
[BlackElo "2581"]
[Round "1.1.48"]
[Result "1/2-1/2"]

1. e4 {[%clk 01:40:46] [%emt 00:00:13]} e6 {[%clk 01:40:52] [%emt 00:00:08]} 2.
d4 {[%clk 01:41:06] [%emt 00:00:10]} d5 {[%clk 01:41:17] [%emt 00:00:05]} 3. e5
{[%clk 01:41:07] [%emt 00:00:30]} c5 {[%clk 01:41:29] [%emt 00:00:18]} 4. c3
{[%clk 01:41:19] [%emt 00:00:18]} Qa5 {[%clk 01:41:39] [%emt 00:00:20]} 5. dxc5
{[%clk 01:38:17] [%emt 00:03:31]} Qc7 {[%clk 01:40:04] [%emt 00:02:05]} 6. Nf3
{[%clk 01:37:57] [%emt 00:00:50]} Bxc5 {[%clk 01:40:24] [%emt 00:00:10]} 7. Bd3
{[%clk 01:37:11] [%emt 00:01:15]} Nc6 {[%clk 01:39:48] [%emt 00:01:06]} 8. b4
{[%clk 01:31:46] [%emt 00:05:56]} Bb6 {[%clk 01:27:40] [%emt 00:12:38]} 9. Bf4
{[%clk 01:31:31] [%emt 00:00:45]} Nf6 {[%clk 01:22:25] [%emt 00:05:45]} 10. Na3
{[%clk 01:18:28] [%emt 00:13:33]} a6 {[%clk 01:17:27] [%emt 00:05:28]} 11. O-O
{[%clk 01:17:23] [%emt 00:01:34]} Nh5 {[%clk 01:07:56] [%emt 00:10:01]} 12. Qd2
{[%clk 00:42:05] [%emt 00:35:48]} f6 {[%clk 00:54:37] [%emt 00:13:49]} 13. Rae1
{[%clk 00:41:01] [%emt 00:01:34]} O-O {[%clk 00:46:14] [%emt 00:08:53]} 14. Be3
{[%clk 00:35:02] [%emt 00:06:31]} fxe5 {[%clk 00:42:56] [%emt 00:03:47]} 15.
Bxb6 {[%clk 00:33:44] [%emt 00:01:48]} Qxb6 {[%clk 00:43:21] [%emt 00:00:05]}
16. Nxe5 {[%clk 00:33:36] [%emt 00:00:37]} Nf4 {[%clk 00:43:43] [%emt 00:00:08]}
17. Bb1 {[%clk 00:26:33] [%emt 00:07:32]} Qc7 {[%clk 00:39:47] [%emt 00:04:27]}
18. Nd3 {[%clk 00:24:47] [%emt 00:02:16]} Bd7 {[%clk 00:36:26] [%emt 00:03:51]}
19. Nc5 {[%clk 00:23:17] [%emt 00:02:01]} Ne5 {[%clk 00:19:38] [%emt 00:17:18]}
20. Nxd7 {[%clk 00:20:55] [%emt 00:02:52]} Nxd7 {[%clk 00:16:06] [%emt
00:04:02]} 21. Qe3 {[%clk 00:16:40] [%emt 00:04:45]} Nf6 {[%clk 00:13:22] [%emt
00:03:14]} 22. f3 {[%clk 00:13:00] [%emt 00:04:10]} Rfe8 {[%clk 00:12:21] [%emt
00:01:30]} 23. g3 {[%clk 00:09:32] [%emt 00:03:59]} Ng6 {[%clk 00:12:37] [%emt
00:00:12]} 24. Bc2 {[%clk 00:07:31] [%emt 00:02:32]} Rac8 {[%clk 00:11:53] [%emt
00:01:14]} 25. Nb1 {[%clk 00:08:00]} e5 {[%clk 00:11:44] [%emt 00:00:40]} 26.
Bf5 {[%clk 00:07:33] [%emt 00:00:56]} Rcd8 {[%clk 00:11:40] [%emt 00:00:34]} 27.
Nd2 {[%clk 00:07:49] [%emt 00:00:15]} Rd6 {[%clk 00:10:18] [%emt 00:01:51]} 28.
Nb3 {[%clk 00:05:33] [%emt 00:02:46]} Rc6 {[%clk 00:07:19] [%emt 00:03:30]} 29.
Rc1 {[%clk 00:05:33] [%emt 00:00:30]} Ne7 {[%clk 00:07:43] [%emt 00:00:06]} 30.
Bh3 {[%clk 00:05:28] [%emt 00:00:36]} b6 {[%clk 00:06:55] [%emt 00:01:18]} 31.
a4 {[%clk 00:05:07] [%emt 00:00:50]} Nc8 {[%clk 00:06:39] [%emt 00:00:45]} 32.
a5 {[%clk 00:03:52] [%emt 00:01:46]} Nd6 {[%clk 00:06:34] [%emt 00:00:34]} 33.
axb6 {[%clk 00:04:15] [%emt 00:00:07]} Rxb6 {[%clk 00:06:48] [%emt 00:00:16]}
34. Na5 {[%clk 00:03:09] [%emt 00:01:36]} Nb7 {[%clk 00:03:43] [%emt 00:03:36]}
35. Nxb7 {[%clk 00:02:34] [%emt 00:01:05]} Qxb7 {[%clk 00:03:40] [%emt
00:00:33]} 36. Ra1 {[%clk 00:02:00] [%emt 00:01:04]} Rd6 {[%clk 00:03:46] [%emt
00:00:23]} 37. Rfe1 {[%clk 00:01:15] [%emt 00:01:14]} d4 {[%clk 00:02:20] [%emt
00:01:58]} 38. cxd4 {[%clk 00:01:30] [%emt 00:00:15]} Rxd4 {[%clk 00:01:35]
[%emt 00:01:14]} 39. Bf1 {[%clk 00:01:03] [%emt 00:00:58]} Qxb4 {[%clk 00:01:15]
[%emt 00:00:50]} 40. Reb1 {[%clk 00:00:48] [%emt 00:00:44]} Qc5 {[%clk 00:00:33]
[%emt 00:01:13]} 41. Rc1 {[%clk 00:41:28] [%emt 00:09:48]} Qd5 {[%clk 00:49:29]
[%emt 00:01:35]} 42. Rxa6 {[%clk 00:36:30] [%emt 00:05:29]} e4 {[%clk 00:49:17]
[%emt 00:00:43]} 43. fxe4 {[%clk 00:34:12] [%emt 00:02:48]} 1/2-1/2

[Site "Europe Echecs"]